000 00720nam a2200289Ia 4500
005 20260324125759.0
008 008 260324s9999 xx 000 0 eng d
020 _a9780429119491
037 _aEBOOK
040 _aCRL
040 _beng
040 _cCRL
041 _2eng
041 _aeng
084 _qCRL
100 _aStephen W. Hoag; Larry L. Augsburger
_91179296
245 0 _aPharmaceutical Dosage Forms - Tablets
245 0 _bUnit Operations and Mechanical Properties
260 _bTaylor and Francis
260 _c2008
365 _a
365 _b400
856 _uhttp://www.taylorfrancis.com/books/9780429119491
942 _cEBOOK
999 _c1774854
_d1774854